Vida caballeresca en la España del siglo XV (Record no. 127680)

MARC details
000 -LEADER
campo de control de longitud fija 00825nam a2200205 i 4500
001 - NÚMERO DE CONTROL
campo de control 127680
003 - IDENTIFICADOR DE NÚMERO DE CONTROL
campo de control ES-MaACL
005 - FECHA Y HORA DE LA ÚLTIMA TRANSACCIÓN
campo de control 20250418063156.0
007 - CAMPO FIJO DE DESCRIPCIÓN FÍSICA--INFORMACIÓN GENERAL
campo de control de longitud fija t|
008 - DATOS DE LONGITUD FIJA--INFORMACIÓN GENERAL
campo de control de longitud fija 070214s1965 sp r ||||1| spa d
100 1# - ENTRADA PRINCIPAL--NOMBRE DE PERSONA
Nombre de persona Riquer, Martín de,
Fechas asociadas al nombre 1914-2013
9 (RLIN) 240061
245 10 - MENCIÓN DEL TÍTULO
Título Vida caballeresca en la España del siglo XV
Resto del título : discurso leído el día 16 de mayo de 1965 en su recepción pública /
Mención de responsabilidad, etc. por el Excmo. Sr. Don Martín de Riquer ; y contestación del Excmo. Sr. Don Dámaso Alonso.
260 ## - PUBLICACIÓN, DISTRIBUCIÓN, ETC.
Lugar de publicación, distribución, etc. Madrid :
Nombre del editor, distribuidor, etc. Real Academia Española,
Fecha de publicación, distribución, etc. 1965.
300 ## - DESCRIPCIÓN FÍSICA
Extensión 143 p. ;
Dimensiones 22 cm.
650 04 - PUNTO DE ACCESO ADICIONAL DE MATERIA--TÉRMINO DE MATERIA
Término de materia o nombre geográfico como elemento de entrada Caballeros y caballería-
Subdivisión geográfica España-
Subdivisión de forma Historia.
9 (RLIN) 10656
700 1# - ENTRADA AGREGADA--NOMBRE PERSONAL
Nombre de persona Alonso, Dámaso,
Fechas asociadas al nombre 1898-1990
9 (RLIN) 20195
710 2# - ENTRADA AGREGADA--NOMBRE DE ENTIDAD CORPORATIVA
Nombre de entidad corporativa o nombre de jurisdicción como elemento de entrada Real Academia Española
9 (RLIN) 6336
852 ## - LOCALIZACIÓN
Ubicación ES-MaACL
Número de control de estantería C-27353
Sublocalización o colección R.56384
Holdings
Estatus retirado Estado de pérdida Estado de daño No para préstamo Biblioteca de origen Biblioteca actual Ubicación en estantería Fecha de adquisición Fuente de adquisición Total de préstamos Signatura topográfica completa Código de barras Visto por última vez Precio de reemplazo Tipo de ítem Koha
        Biblioteca del Ateneo de Madrid Biblioteca del Ateneo de Madrid Depósito 2 17/01/2008     C-27353 1132986 23/02/2023 23/02/2023 Libro impreso